00300nam a2200109Ia 4500008004100000082001900041245006000060250000900120260002400129300000800153650002900161150301s2014 xx 000 0 und d a610.7367bC14P aPERRECONE, MARY R. CLINICAL HB. FOR BRUNNER & SUDDARTHS a13TH bWOLTER KLUWERc2014 a784 aMEDICAL SURGICAL NURSING